书目信息 |
| 题名: |
英语外来语大辞典
|
|
| 作者: | 朱和中 编 | |
| 分册: | ||
| 出版信息: | 北京 外文出版社 2000 |
|
| 页数: | 580页 | |
| 开本: | 20cm | |
| 丛书名: | ||
| 单 册: | ||
| 中图分类: | H313.5-61 | |
| 科图分类: | ||
| 主题词: | 英语-外来语--词典 , 外来语-英语--词典 | |
| 电子资源: | ||
| ISBN: | 7-119-02553-8 | |
| 000 | 00637nam0 2200217 45 | |
| 001 | RTL0002211 | |
| 005 | 20041213143708.56 | |
| 010 | @a7-119-02553-8@dCNY 28.00 | |
| 100 | @a20000704d2000 em y0chiy0120 ea | |
| 101 | 0 | @achi@aeng |
| 102 | @aCN@b110000 | |
| 105 | @ay e 000yy | |
| 200 | 1 | @a英语外来语大辞典@AYing Yu Wai Lai Yu Da Ci Dian@f朱和中等编@FZhu He Zhong Deng Bian |
| 210 | @a北京@c外文出版社@d2000 | |
| 215 | @a580页@d20cm | |
| 606 | 0 | @a英语-外来语@x词典 |
| 606 | 0 | @a外来语-英语@x词典 |
| 690 | @aH313.5-61@v4 | |
| 701 | 0 | @a朱和中@AZhu He Zhong@4编 |
| 801 | 0 | @aCN@bRENTIAN@c20041213 |
| 905 | @a10447@dH313.5-61@eZ840 | |
| 英语外来语大辞典/朱和中等编.-北京:外文出版社,2000 |
| 580页;20cm |
| ISBN 7-119-02553-8:CNY 28.00 |
| ● |
| 相关链接 |
|
|
|
正题名:英语外来语大辞典
索取号:H313.5-61/Z840
 
预约/预借
| 序号 | 登录号 | 条形码 | 馆藏地/架位号 | 状态 | 备注 |
| 1 | 433334 | 204333346 | 语言库209/209语言库 34排4列4层/ [索取号:H313.5-61/Z840] | 在馆 | |
| 2 | 433335 | 204333355 | 语言库209/209语言库 34排4列4层/ [索取号:H313.5-61/Z840] | 在馆 |